000 00520nam a2200181Ia 4500
999 _c30004
_d30004
003 OSt
005 20201211143033.0
008 190216s9999||||xx |||||||||||||| ||und||
020 _a9788188014392
040 _coclc
082 _a894.8124
_bKUM/O
100 _aKumaran, U K
_96528
245 0 _aOru Nadu Muzhuvan Kallam Parayumo /
_cU K Kumaran
260 _bLIPI Publications,
_c2012.
_aKozhikode:
300 _a96p
650 _aLekhanam
942 _cBK
_2ddc
_h894.8124
_iKUM/O
_k894.8124
_mKUM/O